[Event "Grand Swiss "]
[Date "2025.09.14"]
[White "Mishra, Abhimanyu"]
[Black "Vachier-Lagrave, Maxime"]
[WhiteElo "2611"]
[BlackElo "2738"]
[Round "10.10.5"]
[Result "1/2-1/2"]

1. e4 {[%clk 01:40:59]} c5 {[%clk 01:40:58] [%emt 00:00:03]} 2. Nf3 {[%clk
01:41:26] [%emt 00:00:03]} e6 {[%clk 01:41:26] [%emt 00:00:02]} 3. d4 {[%clk
01:41:21] [%emt 00:00:34]} cxd4 {[%clk 01:41:46] [%emt 00:00:10]} 4. Nxd4 {[%clk
01:41:46] [%emt 00:00:05]} Nf6 {[%clk 01:42:14] [%emt 00:00:02]} 5. Nc3 {[%clk
01:42:04] [%emt 00:00:11]} Nc6 {[%clk 01:42:42] [%emt 00:00:02]} 6. Nxc6 {[%clk
01:40:30] [%emt 00:02:05]} bxc6 {[%clk 01:43:04] [%emt 00:00:08]} 7. e5 {[%clk
01:40:43] [%emt 00:00:17]} Nd5 {[%clk 01:43:30] [%emt 00:00:04]} 8. Ne4 {[%clk
01:40:54] [%emt 00:00:19]} Qc7 {[%clk 01:43:45] [%emt 00:00:15]} 9. f4 {[%clk
01:41:05] [%emt 00:00:19]} Qb6 {[%clk 01:44:10] [%emt 00:00:05]} 10. c4 {[%clk
01:41:03] [%emt 00:00:32]} Bb4+ {[%clk 01:43:21] [%emt 00:01:19]} 11. Ke2 {[%clk
01:41:14] [%emt 00:00:19]} f5 {[%clk 01:43:24] [%emt 00:00:27]} 12. exf6 {[%clk
01:34:46] [%emt 00:06:58]} Nxf6 {[%clk 01:43:21] [%emt 00:00:33]} 13. Nxf6+
{[%clk 01:35:01] [%emt 00:00:15]} gxf6 {[%clk 01:43:46] [%emt 00:00:05]} 14. a3
{[%clk 01:34:52] [%emt 00:00:39]} Be7 {[%clk 01:41:04] [%emt 00:03:12]} 15. b4
{[%clk 01:34:34] [%emt 00:00:48]} c5 {[%clk 01:23:05] [%emt 00:18:29]} 16. Be3
{[%clk 01:31:19] [%emt 00:03:45]} Bb7 {[%clk 01:23:12] [%emt 00:00:23]} 17. Kf2
{[%clk 01:22:21] [%emt 00:09:27]} O-O-O {[%clk 01:20:46] [%emt 00:02:57]} 18.
Be2 {[%clk 01:13:43] [%emt 00:09:07]} e5 {[%clk 01:17:10] [%emt 00:04:06]} 19.
Bf3 {[%clk 00:57:05] [%emt 00:17:08]} exf4 {[%clk 01:12:39] [%emt 00:05:02]} 20.
Bxb7+ {[%clk 00:49:29] [%emt 00:08:06]} Qxb7 {[%clk 01:13:01] [%emt 00:00:08]}
21. Bxf4 {[%clk 00:49:50] [%emt 00:00:09]} cxb4 {[%clk 01:11:55] [%emt
00:01:36]} 22. axb4 {[%clk 00:47:45] [%emt 00:02:34]} Bxb4 {[%clk 01:11:49]
[%emt 00:00:37]} 23. Qd5 {[%clk 00:36:17] [%emt 00:11:58]} a5 {[%clk 01:03:12]
[%emt 00:09:06]} 24. Rhb1 {[%clk 00:31:34] [%emt 00:05:13]} Qxd5 {[%clk
01:03:32] [%emt 00:00:10]} 25. cxd5 {[%clk 00:32:03] [%emt 00:00:02]} d6 {[%clk
01:03:52] [%emt 00:00:09]} 26. Rb2 {[%clk 00:27:24] [%emt 00:05:09]} Kd7 {[%clk
00:54:58] [%emt 00:09:24]} 27. Bd2 {[%clk 00:26:43] [%emt 00:01:11]} Ra8 {[%clk
00:49:22] [%emt 00:06:06]} 28. Bxb4 {[%clk 00:26:54] [%emt 00:00:19]} axb4
{[%clk 00:49:49] [%emt 00:00:03]} 29. Rxa8 {[%clk 00:27:14] [%emt 00:00:10]}
Rxa8 {[%clk 00:50:17] [%emt 00:00:02]} 30. Rxb4 {[%clk 00:27:37] [%emt
00:00:07]} Ra5 {[%clk 00:50:45] [%emt 00:00:02]} 1/2-1/2

[Site "Europe Echecs"]

[Event "Grand Swiss "]
[Date "2025.09.14"]
[White "Niemann, Hans Moke"]
[Black "Praggnanandhaa R"]
[WhiteElo "2733"]
[BlackElo "2785"]
[Round "10.10.6"]
[Result "1-0"]

1. e4 {[%clk 01:40:56] [%emt 00:00:03]} c5 {[%clk 01:40:13] [%emt 00:00:48]} 2.
Nf3 {[%clk 01:40:57] [%emt 00:00:28]} Nc6 {[%clk 01:40:33] [%emt 00:00:11]} 3.
Bb5 {[%clk 01:41:15] [%emt 00:00:12]} g6 {[%clk 01:40:40] [%emt 00:00:22]} 4.
O-O {[%clk 01:40:13] [%emt 00:01:31]} Bg7 {[%clk 01:41:05] [%emt 00:00:07]} 5.
Re1 {[%clk 01:39:57] [%emt 00:00:47]} Nd4 {[%clk 01:39:48] [%emt 00:01:47]} 6.
Nxd4 {[%clk 01:39:06] [%emt 00:01:20]} cxd4 {[%clk 01:40:12] [%emt 00:00:07]} 7.
c3 {[%clk 01:37:20] [%emt 00:02:16]} e6 {[%clk 01:39:17] [%emt 00:01:25]} 8. Na3
{[%clk 01:21:01] [%emt 00:16:49]} a6 {[%clk 01:25:56] [%emt 00:13:51]} 9. Bf1
{[%clk 01:17:39] [%emt 00:03:51]} Ne7 {[%clk 01:26:20] [%emt 00:00:06]} 10. cxd4
{[%clk 01:13:53] [%emt 00:04:16]} O-O {[%clk 01:25:11] [%emt 00:01:39]} 11. Nc2
{[%clk 01:10:50] [%emt 00:03:32]} Nc6 {[%clk 01:25:21] [%emt 00:00:20]} 12. d5
{[%clk 01:03:09] [%emt 00:08:11]} exd5 {[%clk 01:25:32] [%emt 00:00:19]} 13.
exd5 {[%clk 01:02:52] [%emt 00:00:47]} Nd4 {[%clk 01:25:34] [%emt 00:00:28]} 14.
d3 {[%clk 01:02:29] [%emt 00:00:53]} d6 {[%clk 01:11:47] [%emt 00:14:17]} 15.
Nxd4 {[%clk 00:40:04] [%emt 00:22:54]} Bxd4 {[%clk 01:12:03] [%emt 00:00:14]}
16. Qe2 {[%clk 00:40:05] [%emt 00:00:29]} Bd7 {[%clk 00:54:24] [%emt 00:18:10]}
17. Be3 {[%clk 00:39:06] [%emt 00:01:29]} Re8 {[%clk 00:53:15] [%emt 00:01:39]}
18. Qd2 {[%clk 00:37:55] [%emt 00:01:40]} Qf6 {[%clk 00:40:10] [%emt 00:13:36]}
19. Rac1 {[%clk 00:36:13] [%emt 00:02:12]} Rac8 {[%clk 00:40:10] [%emt
00:00:30]} 20. Rc4 {[%clk 00:27:30] [%emt 00:09:13]} Bxe3 {[%clk 00:30:36] [%emt
00:10:05]} 21. Rxe3 {[%clk 00:25:33] [%emt 00:02:26]} Qf5 {[%clk 00:27:52] [%emt
00:03:14]} 22. g3 {[%clk 00:18:33] [%emt 00:07:30]} Qxd5 {[%clk 00:18:29] [%emt
00:09:54]} 23. Bg2 {[%clk 00:18:55] [%emt 00:00:08]} Qb5 {[%clk 00:18:39] [%emt
00:00:20]} 24. Rb4 {[%clk 00:16:38] [%emt 00:02:46]} Qa5 {[%clk 00:08:05] [%emt
00:11:04]} 25. Bxb7 {[%clk 00:16:40] [%emt 00:00:28]} Rc7 {[%clk 00:08:12] [%emt
00:00:23]} 26. Rxe8+ {[%clk 00:14:45] [%emt 00:02:25]} Bxe8 {[%clk 00:08:41]
[%emt 00:00:01]} 27. Qe1 {[%clk 00:11:57] [%emt 00:03:17]} Bb5 {[%clk 00:01:12]
[%emt 00:07:59]} 28. Bd5 {[%clk 00:11:34] [%emt 00:00:50]} Kg7 {[%clk 00:01:41]
[%emt 00:00:05]} 29. Qe4 {[%clk 00:09:55] [%emt 00:02:08]} Bxd3 {[%clk 00:01:27]
[%emt 00:00:45]} 30. Qd4+ {[%clk 00:10:21] [%emt 00:00:04]} f6 {[%clk 00:00:53]
[%emt 00:01:04]} 31. a3 {[%clk 00:09:07] [%emt 00:01:45]} Be2 {[%clk 00:00:33]
[%emt 00:00:50]} 32. h3 {[%clk 00:07:00] [%emt 00:02:37]} Qc5 {[%clk 00:00:48]
[%emt 00:00:14]} 33. Qe4 {[%clk 00:07:22] [%emt 00:00:08]} Qc1+ {[%clk 00:00:37]
[%emt 00:00:42]} 34. Kh2 {[%clk 00:07:48] [%emt 00:00:03]} Qf1 {[%clk 00:00:33]
[%emt 00:00:34]} 35. Qe3 {[%clk 00:08:10] [%emt 00:00:08]} Bb5 {[%clk 00:00:37]
[%emt 00:00:27]} 36. Re4 {[%clk 00:08:05] [%emt 00:00:34]} Kh8 {[%clk 00:00:38]
[%emt 00:00:30]} 37. Qd4 {[%clk 00:08:05] [%emt 00:00:30]} Kg7 {[%clk 00:00:33]
[%emt 00:00:35]} 38. Rf4 {[%clk 00:08:31] [%emt 00:00:04]} 1-0

[Site "Europe Echecs"]

[Event "Grand Swiss "]
[Date "2025.09.14"]
[White "Nepomniachtchi, Ian"]
[Black "Yakubboev, Nodirbek"]
[WhiteElo "2742"]
[BlackElo "2681"]
[Round "10.10.7"]
[Result "1/2-1/2"]

1. e4 {[%clk 01:40:58] [%emt 00:00:01]} e5 {[%clk 01:40:47] [%emt 00:00:13]} 2.
Nf3 {[%clk 01:41:22] [%emt 00:00:05]} Nc6 {[%clk 01:41:12] [%emt 00:00:06]} 3.
Bc4 {[%clk 01:41:47] [%emt 00:00:05]} Nf6 {[%clk 01:41:29] [%emt 00:00:13]} 4.
d3 {[%clk 01:42:11] [%emt 00:00:06]} Be7 {[%clk 01:41:51] [%emt 00:00:08]} 5.
O-O {[%clk 01:42:27] [%emt 00:00:14]} O-O {[%clk 01:42:15] [%emt 00:00:06]} 6.
Re1 {[%clk 01:42:49] [%emt 00:00:08]} d6 {[%clk 01:42:36] [%emt 00:00:09]} 7. a4
{[%clk 01:43:13] [%emt 00:00:06]} a5 {[%clk 01:42:57] [%emt 00:00:09]} 8. c3
{[%clk 01:43:00] [%emt 00:00:43]} Be6 {[%clk 01:42:30] [%emt 00:00:57]} 9. Bxe6
{[%clk 01:43:24] [%emt 00:00:06]} fxe6 {[%clk 01:42:56] [%emt 00:00:04]} 10. Na3
{[%clk 01:43:48] [%emt 00:00:06]} h6 {[%clk 01:35:18] [%emt 00:08:08]} 11. Bd2
{[%clk 01:44:12] [%emt 00:00:05]} Nh7 {[%clk 01:18:05] [%emt 00:17:43]} 12. Qb3
{[%clk 01:32:56] [%emt 00:11:46]} Qd7 {[%clk 01:16:30] [%emt 00:02:06]} 13. Nc4
{[%clk 01:32:48] [%emt 00:00:37]} Bf6 {[%clk 00:56:12] [%emt 00:20:48]} 14. Rad1
{[%clk 01:18:54] [%emt 00:14:24]} b6 {[%clk 00:55:15] [%emt 00:01:28]} 15. d4
{[%clk 01:13:10] [%emt 00:06:13]} exd4 {[%clk 00:53:31] [%emt 00:02:14]} 16. e5
{[%clk 01:13:31] [%emt 00:00:09]} dxe5 {[%clk 00:51:13] [%emt 00:02:48]} 17.
Ncxe5 {[%clk 01:13:41] [%emt 00:00:19]} Nxe5 {[%clk 00:51:02] [%emt 00:00:42]}
18. Nxe5 {[%clk 01:14:05] [%emt 00:00:06]} Bxe5 {[%clk 00:39:54] [%emt
00:11:38]} 19. Rxe5 {[%clk 01:13:21] [%emt 00:01:14]} Qf7 {[%clk 00:38:26] [%emt
00:01:58]} 20. Qxe6 {[%clk 01:13:14] [%emt 00:00:37]} dxc3 {[%clk 00:33:53]
[%emt 00:05:03]} 21. Bxc3 {[%clk 01:12:47] [%emt 00:00:57]} Rad8 {[%clk
00:31:21] [%emt 00:03:02]} 22. Qxf7+ {[%clk 00:56:27] [%emt 00:16:50]} Kxf7
{[%clk 00:31:49] [%emt 00:00:02]} 23. Rde1 {[%clk 00:56:35] [%emt 00:00:21]} Rd7
{[%clk 00:32:01] [%emt 00:00:18]} 24. f3 {[%clk 00:54:15] [%emt 00:02:51]} Nf6
{[%clk 00:30:03] [%emt 00:02:27]} 25. h4 {[%clk 00:53:21] [%emt 00:01:23]} Nd5
{[%clk 00:20:55] [%emt 00:09:38]} 26. Bd2 {[%clk 00:53:16] [%emt 00:00:35]} Rfd8
{[%clk 00:20:28] [%emt 00:00:57]} 27. h5 {[%clk 00:50:01] [%emt 00:03:46]} Rd6
{[%clk 00:18:48] [%emt 00:02:09]} 28. g4 {[%clk 00:46:24] [%emt 00:04:07]} R8d7
{[%clk 00:18:02] [%emt 00:01:16]} 29. Kg2 {[%clk 00:43:40] [%emt 00:03:14]} Rc6
{[%clk 00:15:55] [%emt 00:02:37]} 30. Rf5+ {[%clk 00:38:45] [%emt 00:05:25]} Rf6
{[%clk 00:15:29] [%emt 00:00:56]} 31. Rxf6+ {[%clk 00:37:29] [%emt 00:01:47]}
Nxf6 {[%clk 00:15:33] [%emt 00:00:25]} 32. Bc3 {[%clk 00:32:13] [%emt 00:05:46]}
Nd5 {[%clk 00:15:01] [%emt 00:01:02]} 33. Be5 {[%clk 00:30:53] [%emt 00:01:50]}
Re7 {[%clk 00:14:41] [%emt 00:00:51]} 34. Kg3 {[%clk 00:27:06] [%emt 00:04:17]}
Nb4 {[%clk 00:08:10] [%emt 00:07:01]} 35. Re4 {[%clk 00:26:38] [%emt 00:00:57]}
Nd3 {[%clk 00:07:49] [%emt 00:00:51]} 36. Bd4 {[%clk 00:26:57] [%emt 00:00:11]}
Rd7 {[%clk 00:06:40] [%emt 00:01:39]} 37. Bc3 {[%clk 00:23:52] [%emt 00:03:35]}
Nc5 {[%clk 00:06:24] [%emt 00:00:46]} 38. Rf4+ {[%clk 00:24:05] [%emt 00:00:17]}
Kg8 {[%clk 00:05:38] [%emt 00:01:15]} 39. Rc4 {[%clk 00:24:18] [%emt 00:00:17]}
Rd5 {[%clk 00:04:09] [%emt 00:01:59]} 40. Kf2 {[%clk 00:19:50] [%emt 00:04:58]}
c6 {[%clk 00:00:43] [%emt 00:03:57]} 41. Ke3 {[%clk 00:18:37] [%emt 00:01:42]}
Rd3+ {[%clk 00:42:41] [%emt 00:08:32]} 42. Ke2 {[%clk 01:07:00] [%emt 00:02:07]}
Rd5 {[%clk 00:41:41] [%emt 00:01:30]} 43. Rf4 {[%clk 01:00:23] [%emt 00:07:07]}
Nb3 {[%clk 00:35:19] [%emt 00:06:51]} 44. Re4 {[%clk 00:58:24] [%emt 00:02:29]}
Kf7 {[%clk 00:35:43] [%emt 00:00:06]} 45. Rc4 {[%clk 00:57:23] [%emt 00:01:31]}
Nc5 {[%clk 00:32:31] [%emt 00:03:43]} 46. Bd2 {[%clk 00:57:43] [%emt 00:00:09]}
b5 {[%clk 00:18:51] [%emt 00:14:10]} 47. axb5 {[%clk 00:57:40] [%emt 00:00:32]}
cxb5 {[%clk 00:19:20] [%emt 00:00:02]} 48. Rf4+ {[%clk 00:58:03] [%emt
00:00:06]} Kg8 {[%clk 00:19:46] [%emt 00:00:05]} 49. Bxa5 {[%clk 00:58:13] [%emt
00:00:20]} Nd3 {[%clk 00:18:42] [%emt 00:01:33]} 50. Re4 {[%clk 00:58:32] [%emt
00:00:11]} Nxb2 {[%clk 00:18:45] [%emt 00:00:27]} 51. Re7 {[%clk 00:55:51] [%emt
00:03:11]} Kf8 {[%clk 00:13:11] [%emt 00:06:05]} 52. Rb7 {[%clk 00:56:01] [%emt
00:00:20]} Nd3 {[%clk 00:12:58] [%emt 00:00:43]} 53. Bc3 {[%clk 00:50:24] [%emt
00:06:08]} Ne5 {[%clk 00:12:52] [%emt 00:00:34]} 54. Ba1 {[%clk 00:48:25] [%emt
00:02:31]} Nd7 {[%clk 00:12:12] [%emt 00:01:10]} 55. Ke3 {[%clk 00:48:43] [%emt
00:00:12]} Nf6 {[%clk 00:09:45] [%emt 00:02:57]} 56. Bd4 {[%clk 00:43:43] [%emt
00:05:29]} Kg8 {[%clk 00:09:43] [%emt 00:00:32]} 57. Bb2 {[%clk 00:43:09] [%emt
00:01:04]} Kf8 {[%clk 00:09:51] [%emt 00:00:22]} 58. Kf4 {[%clk 00:41:44] [%emt
00:01:55]} Kg8 {[%clk 00:09:59] [%emt 00:00:23]} 59. Kg3 {[%clk 00:38:30] [%emt
00:03:44]} Kf8 {[%clk 00:08:13] [%emt 00:02:16]} 60. Kh4 {[%clk 00:35:38] [%emt
00:03:21]} Kg8 {[%clk 00:07:26] [%emt 00:01:16]} 61. Kg3 {[%clk 00:31:39] [%emt
00:04:30]} Kf8 {[%clk 00:07:21] [%emt 00:00:35]} 62. Kf4 {[%clk 00:31:39] [%emt
00:00:30]} Kg8 {[%clk 00:07:43] [%emt 00:00:08]} 63. Ke3 {[%clk 00:31:16] [%emt
00:00:53]} Kf8 {[%clk 00:07:48] [%emt 00:00:25]} 64. Ba3+ {[%clk 00:31:42] [%emt
00:00:04]} Kg8 {[%clk 00:08:13] [%emt 00:00:05]} 65. Rb8+ {[%clk 00:32:07] [%emt
00:00:05]} Kf7 {[%clk 00:07:47] [%emt 00:00:56]} 66. Rf8+ {[%clk 00:32:31] [%emt
00:00:07]} Ke6 {[%clk 00:08:12] [%emt 00:00:05]} 67. Bb2 {[%clk 00:31:54] [%emt
00:01:07]} Ke7 {[%clk 00:08:18] [%emt 00:00:23]} 68. Rb8 {[%clk 00:32:07] [%emt
00:00:18]} Kf7 {[%clk 00:08:40] [%emt 00:00:07]} 69. Kf4 {[%clk 00:26:40] [%emt
00:05:57]} Nd7 {[%clk 00:07:56] [%emt 00:01:13]} 70. Ra8 {[%clk 00:22:34] [%emt
00:04:37]} Nf6 {[%clk 00:04:40] [%emt 00:03:46]} 71. Kg3 {[%clk 00:22:13] [%emt
00:00:51]} Rd7 {[%clk 00:03:23] [%emt 00:01:47]} 72. Rb8 {[%clk 00:22:39] [%emt
00:00:05]} Rd5 {[%clk 00:03:48] [%emt 00:00:05]} 73. Kh4 {[%clk 00:22:55] [%emt
00:00:14]} Rd3 {[%clk 00:00:53] [%emt 00:03:24]} 74. Rb7+ {[%clk 00:22:36] [%emt
00:00:50]} Kg8 {[%clk 00:00:47] [%emt 00:00:36]} 75. f4 {[%clk 00:22:23] [%emt
00:00:44]} Rd1 {[%clk 00:00:57] [%emt 00:00:20]} 76. Be5 {[%clk 00:21:00] [%emt
00:01:53]} Rh1+ {[%clk 00:13:19] [%emt 00:03:07]} 77. Kg3 {[%clk 00:36:26] [%emt
00:00:04]} Rg1+ {[%clk 00:13:44] [%emt 00:00:04]} 78. Kf3 {[%clk 00:36:20] [%emt
00:00:35]} Rf1+ {[%clk 00:13:59] [%emt 00:00:16]} 79. Kg2 {[%clk 00:36:40] [%emt
00:00:10]} Rd1 {[%clk 00:09:58] [%emt 00:04:31]} 80. Kg3 {[%clk 00:27:31] [%emt
00:09:40]} Rg1+ {[%clk 00:10:21] [%emt 00:00:06]} 81. Kf3 {[%clk 00:27:57] [%emt
00:00:04]} Rf1+ {[%clk 00:10:43] [%emt 00:00:09]} 82. Ke2 {[%clk 00:26:51] [%emt
00:01:36]} Rg1 {[%clk 00:09:50] [%emt 00:01:22]} 83. Bxf6 {[%clk 00:25:41] [%emt
00:01:40]} gxf6 {[%clk 00:10:19] [%emt 00:00:01]} 84. Kf3 {[%clk 00:26:06] [%emt
00:00:05]} Re1 {[%clk 00:10:13] [%emt 00:00:35]} 85. Rxb5 {[%clk 00:26:32] [%emt
00:00:05]} Re7 {[%clk 00:10:24] [%emt 00:00:19]} 86. Rb4 {[%clk 00:26:00] [%emt
00:01:02]} Kf7 {[%clk 00:10:36] [%emt 00:00:18]} 87. Rd4 {[%clk 00:25:54] [%emt
00:00:37]} Ra7 {[%clk 00:10:13] [%emt 00:00:53]} 88. Ke4 {[%clk 00:26:08] [%emt
00:00:17]} Rb7 {[%clk 00:09:49] [%emt 00:00:53]} 89. Rc4 {[%clk 00:25:02] [%emt
00:01:35]} Re7+ {[%clk 00:09:59] [%emt 00:00:20]} 90. Kf5 {[%clk 00:25:20] [%emt
00:00:12]} Rb7 {[%clk 00:10:24] [%emt 00:00:05]} 91. Rc5 {[%clk 00:25:38] [%emt
00:00:12]} Ra7 {[%clk 00:10:48] [%emt 00:00:06]} 92. Ke4 {[%clk 00:25:01] [%emt
00:01:07]} Ra4+ {[%clk 00:11:06] [%emt 00:00:12]} 93. Ke3 {[%clk 00:25:26] [%emt
00:00:05]} Ra3+ {[%clk 00:10:59] [%emt 00:00:37]} 94. Ke4 {[%clk 00:25:52] [%emt
00:00:04]} Ra4+ {[%clk 00:11:25] [%emt 00:00:04]} 95. Kf5 {[%clk 00:26:19] [%emt
00:00:03]} Ra7 {[%clk 00:11:48] [%emt 00:00:06]} 96. Rc4 {[%clk 00:26:45] [%emt
00:00:04]} Rb7 {[%clk 00:11:33] [%emt 00:00:45]} 97. Ke4 {[%clk 00:27:02] [%emt
00:00:13]} Re7+ {[%clk 00:11:46] [%emt 00:00:17]} 98. Kd5 {[%clk 00:27:18] [%emt
00:00:14]} Rd7+ {[%clk 00:11:52] [%emt 00:00:24]} 99. Kc6 {[%clk 00:27:42] [%emt
00:00:06]} Rd1 {[%clk 00:11:56] [%emt 00:00:25]} 100. f5 {[%clk 00:28:10] [%emt
00:00:04]} Ke7 {[%clk 00:11:28] [%emt 00:00:57]} 101. Re4+ {[%clk 00:28:35]
[%emt 00:00:04]} Kf7 {[%clk 00:11:51] [%emt 00:00:07]} 102. Rb4 {[%clk 00:28:46]
[%emt 00:00:19]} Rc1+ {[%clk 00:12:14] [%emt 00:00:07]} 103. Kd5 {[%clk
00:29:08] [%emt 00:00:09]} Rd1+ {[%clk 00:12:24] [%emt 00:00:20]} 104. Rd4
{[%clk 00:29:36] [%emt 00:00:02]} Re1 {[%clk 00:11:34] [%emt 00:01:19]} 105. Kd6
{[%clk 00:29:58] [%emt 00:00:08]} Rg1 {[%clk 00:11:16] [%emt 00:00:47]} 106. Kc7
{[%clk 00:29:54] [%emt 00:00:36]} Rc1+ {[%clk 00:06:46] [%emt 00:05:00]} 107.
Kd8 {[%clk 00:30:19] [%emt 00:00:05]} Rg1 {[%clk 00:06:36] [%emt 00:00:39]} 108.
Rd7+ {[%clk 00:29:46] [%emt 00:01:04]} Kf8 {[%clk 00:06:58] [%emt 00:00:08]}
109. Rh7 {[%clk 00:30:09] [%emt 00:00:07]} Rxg4 {[%clk 00:05:20] [%emt
00:02:08]} 110. Kd7 {[%clk 00:30:32] [%emt 00:00:07]} Re4 {[%clk 00:04:04] [%emt
00:01:46]} 111. Rxh6 {[%clk 00:30:54] [%emt 00:00:08]} Re5 {[%clk 00:04:20]
[%emt 00:00:15]} 112. Rxf6+ {[%clk 00:30:31] [%emt 00:00:54]} Kg7 {[%clk
00:04:26] [%emt 00:00:23]} 113. Rg6 {[%clk 00:30:53] [%emt 00:00:08]} Kf7 {[%clk
00:04:48] [%emt 00:00:07]} 114. Rg5 {[%clk 00:30:11] [%emt 00:01:12]} Kf6 {[%clk
00:04:24] [%emt 00:00:54]} 115. h6 {[%clk 00:29:33] [%emt 00:01:08]} Kxg5 {[%clk
00:04:50] [%emt 00:00:04]} 116. h7 {[%clk 00:30:00] [%emt 00:00:03]} Rd5+ {[%clk
00:05:17] [%emt 00:00:03]} 117. Ke7 {[%clk 00:29:49] [%emt 00:00:41]} Re5+
{[%clk 00:05:42] [%emt 00:00:05]} 118. Kd7 {[%clk 00:28:09] [%emt 00:02:10]}
Rd5+ {[%clk 00:06:05] [%emt 00:00:06]} 119. Ke7 {[%clk 00:28:30] [%emt
00:00:10]} Re5+ {[%clk 00:06:30] [%emt 00:00:04]} 120. Kd7 {[%clk 00:28:58]
[%emt 00:00:04]} Rd5+ {[%clk 00:06:46] [%emt 00:00:13]} 1/2-1/2

[Site "Europe Echecs"]

[Event "Grand Swiss "]
[Date "2025.09.14"]
[White "Tabatabaei, M. Amin"]
[Black "Mamedyarov, Shakhriyar"]
[WhiteElo "2673"]
[BlackElo "2741"]
[Round "10.10.8"]
[Result "1/2-1/2"]

1. e4 {[%clk 01:40:57] [%emt 00:00:02]} e5 {[%clk 01:40:46] [%emt 00:00:15]} 2.
Nf3 {[%clk 01:41:19] [%emt 00:00:07]} Nf6 {[%clk 01:40:50] [%emt 00:00:26]} 3.
Nxe5 {[%clk 01:41:41] [%emt 00:00:09]} d6 {[%clk 01:41:16] [%emt 00:00:04]} 4.
Nf3 {[%clk 01:42:02] [%emt 00:00:08]} Nxe4 {[%clk 01:41:39] [%emt 00:00:07]} 5.
Bd3 {[%clk 01:42:27] [%emt 00:00:05]} Nf6 {[%clk 01:41:25] [%emt 00:00:44]} 6.
O-O {[%clk 01:42:42] [%emt 00:00:14]} Be7 {[%clk 01:41:53] [%emt 00:00:03]} 7.
Re1 {[%clk 01:39:04] [%emt 00:04:08]} O-O {[%clk 01:42:13] [%emt 00:00:11]} 8.
h3 {[%clk 01:38:53] [%emt 00:00:40]} d5 {[%clk 01:41:59] [%emt 00:00:44]} 9. c3
{[%clk 01:38:10] [%emt 00:01:14]} Re8 {[%clk 01:30:24] [%emt 00:12:06]} 10. Bc2
{[%clk 01:38:25] [%emt 00:00:14]} c5 {[%clk 01:21:44] [%emt 00:09:11]} 11. d4
{[%clk 01:38:24] [%emt 00:00:30]} Nc6 {[%clk 01:21:45] [%emt 00:00:29]} 12. Bg5
{[%clk 01:17:19] [%emt 00:21:35]} cxd4 {[%clk 01:07:57] [%emt 00:14:18]} 13.
Nxd4 {[%clk 01:11:07] [%emt 00:06:42]} h6 {[%clk 01:07:50] [%emt 00:00:38]} 14.
Be3 {[%clk 01:09:24] [%emt 00:02:13]} Bd6 {[%clk 01:04:01] [%emt 00:04:18]} 15.
Nd2 {[%clk 01:09:20] [%emt 00:00:34]} Bd7 {[%clk 01:03:31] [%emt 00:01:00]} 16.
a4 {[%clk 00:55:54] [%emt 00:13:56]} a6 {[%clk 01:02:02] [%emt 00:01:59]} 17.
Nxc6 {[%clk 00:50:53] [%emt 00:05:31]} bxc6 {[%clk 01:00:46] [%emt 00:01:46]}
18. a5 {[%clk 00:46:55] [%emt 00:04:29]} c5 {[%clk 00:46:19] [%emt 00:14:56]}
19. Nc4 {[%clk 00:46:20] [%emt 00:01:05]} Bb5 {[%clk 00:33:54] [%emt 00:12:55]}
20. Nb6 {[%clk 00:34:50] [%emt 00:12:00]} Rb8 {[%clk 00:34:04] [%emt 00:00:19]}
21. Qd2 {[%clk 00:24:33] [%emt 00:10:44]} Bc6 {[%clk 00:33:17] [%emt 00:01:21]}
22. Rad1 {[%clk 00:24:01] [%emt 00:01:02]} Qc7 {[%clk 00:31:12] [%emt 00:02:35]}
23. b4 {[%clk 00:20:49] [%emt 00:03:42]} Bb7 {[%clk 00:28:45] [%emt 00:02:57]}
24. bxc5 {[%clk 00:10:28] [%emt 00:10:52]} Bxc5 {[%clk 00:29:10] [%emt
00:00:05]} 25. Bf4 {[%clk 00:08:24] [%emt 00:02:33]} Bd6 {[%clk 00:29:34] [%emt
00:00:07]} 26. Bxd6 {[%clk 00:08:52] [%emt 00:00:02]} Qxd6 {[%clk 00:29:57]
[%emt 00:00:07]} 27. Qd4 {[%clk 00:09:18] [%emt 00:00:04]} Rbd8 {[%clk 00:28:11]
[%emt 00:02:15]} 28. Bd3 {[%clk 00:07:24] [%emt 00:02:24]} Qc7 {[%clk 00:25:37]
[%emt 00:03:04]} 29. Bf1 {[%clk 00:06:43] [%emt 00:01:11]} Rxe1 {[%clk 00:24:04]
[%emt 00:02:03]} 30. Rxe1 {[%clk 00:07:10] [%emt 00:00:03]} Ne4 {[%clk 00:24:28]
[%emt 00:00:05]} 1/2-1/2

[Site "Europe Echecs"]